|
|
|
|
| LEADER |
00000nab a2200000 a 4500 |
| 001 |
vtls000793009 |
| 003 |
SK-MaSNL |
| 005 |
20260304125008.0 |
| 008 |
250429c2001 xo 0 slo |
| 015 |
|
|
|a SNBRB2002/06-18200
|
| 035 |
|
|
|a CLN000144664
|
| 035 |
|
|
|a urn:nbn:sk:snk-ab6so7
|
| 035 |
|
|
|a (uuid)495557a0-a0a9-4d25-9fd0-ee3e4ff7699e
|
| 035 |
|
|
|a (urnnbn)urn:nbn:sk:snk:ar-a05nzj
|
| 035 |
|
|
|a (sysno)vtls000793009
|
| 040 |
|
|
|a SNKBUCL
|b slo
|c SNKBUCL
|e AACR2
|
| 041 |
0 |
|
|a eng
|
| 044 |
|
|
|a xo
|c SK
|
| 080 |
|
|
|a 616.24-008.47:612.8.01
|2 1997
|
| 100 |
1 |
|
|a Pokorski, Mieczyslaw
|4 aut
|9 613813
|
| 245 |
1 |
0 |
|a Neurophysiology of dyspnea
|c Mieczyslaw Pokorski
|
| 650 |
0 |
7 |
|a dýchavičnosť
|2 SNK
|9 28017
|
| 650 |
0 |
7 |
|a kongresy
|2 SNKPH
|9 19200
|
| 650 |
0 |
7 |
|a klasifikácia
|2 SNKPH
|9 3849
|
| 650 |
0 |
7 |
|a neurofyziológia
|2 SNKPH
|9 19437
|
| 650 |
0 |
7 |
|a patológia
|2 SNKPH
|9 900
|
| 650 |
0 |
7 |
|a dýchacie svaly
|2 SNKPH
|9 202619
|
| 655 |
|
7 |
|a články z novín a časopisov
|2 SNK
|9 267496
|
| 711 |
1 |
|
|a Dyspnoe
|e Seminár európskej školy respiračnej medicíny
|d 2001
|c Zabrze, Poľsko
|4 aut
|9 1406741
|
| 773 |
0 |
|
|t Respiro
|g Roč. 3, č. 3 (2001), s. 8
|x 1335-3985
|
| 850 |
|
|
|a Slovenská národná knižnica
|
| 852 |
|
|
|a Slovenská národná knižnica
|
| 958 |
|
|
|a article27
|
| 958 |
|
|
|a OND
|
| 958 |
|
|
|a MI
|
| 958 |
|
|
|a EUIPO
|
| 999 |
|
|
|c 2892829
|d 2894759
|